Differential calculus (Record no. 17082)

MARC details
000 -LEADER
fixed length control field 00476nam a2200181Ia 4500
008 - FIXED-LENGTH DATA ELEMENTS--GENERAL INFORMATION
fixed length control field 230917s9999||||xx |||||||||||||| ||und||
020 ## - ISBN
Price RS285
040 ## - CATALOGING SOURCE
-- 229806
Original cataloging agency VIVEKANANDA LIBRARY
041 ## - Language
-- English
082 ## - DDC NUMBER
Classification number 515.33 M287D(7)
100 ## - MAIN ENTRY--PERSONAL NAME
Personal name Maity, Kantish
245 #0 - TITLE STATEMENT
Title Differential calculus
250 ## - EDITION STATEMENT
Edition statement 7th ed.
260 ## - PUBLICATION, DISTRIBUTION, ETC. (IMPRINT)
Place of publication, distribution, etc New Delhi
Name of publisher, distributor, etc New Central Book Agency
Date of publication, distribution, etc 2016
300 ## - PHYSICAL DESCRIPTION
Pages xvi, 428 p.
500 ## - GENERAL NOTE
General note 2229 24/12/2015 IBS15/285 29/12/2015 UIET (SFS)
942 ## - ADDED ENTRY ELEMENTS (KOHA)
Koha item type Books
Holdings
Withdrawn status Lost status Damaged status Not for loan Location (home branch) Sublocation or collection (holding branch) Shelving location Date acquired Koha issues (times borrowed) Koha full call number Accession No. Koha date last seen Koha item type
        VIVEKANANDA LIBRARY VIVEKANANDA LIBRARY UIET Library 02/03/2016 1 515.33 M287D(7) 351504 15/01/2024 Books
        VIVEKANANDA LIBRARY VIVEKANANDA LIBRARY UIET Library 02/03/2016   515.33 M287D(7) 351505 17/09/2023 Books
        VIVEKANANDA LIBRARY VIVEKANANDA LIBRARY UIET Library 02/03/2016   515.33 M287D(7) 351506 17/09/2023 Books
        VIVEKANANDA LIBRARY VIVEKANANDA LIBRARY UIET Library 02/03/2016 1 515.33 M287D(7) 351507 16/02/2026 Books
        VIVEKANANDA LIBRARY VIVEKANANDA LIBRARY UIET Library 02/03/2016   515.33 M287D(7) 351508 17/09/2023 Books
© Designed and Maintained by Vivekananda Library, MDU Rohtak